| 000 | 00497nam a22001937a 4500 | ||
|---|---|---|---|
| 005 | 20251108165320.0 | ||
| 008 | 250721s1988 xx 000 0 ara d | ||
| 082 | 1 | 4 | _a923.4/شري |
| 100 | 1 | _aالطنطاوي، علي | |
| 245 | 1 | 0 | _aالقاضي شريك / |
| 250 | _aط2 | ||
| 264 | 1 |
_aدمشق : _bدار الفكر، _c1988. |
|
| 300 | _a40ص | ||
| 490 | 0 | _aأعلام التاريخ ؛3 | |
| 650 | 1 | 7 | _aالتراجم |
| 650 | 1 | 7 | _aالقضاة |
| 942 |
_2ddc _cBK |
||
| 999 |
_c24890 _d24890 |
||